[Event "Tarrega Tardor op 1st"]
[Site "Tarrega"]
[Date "2015.11.20"]
[Round "8"]
[White "Llacuna Cufi, Salvador"]
[Black "Sola Sendra, Francesco"]
[Result "1/2-1/2"]
[WhiteElo "2105"]
[BlackElo "1899"]
[PlyCount "53"]
[EventDate "2015.10.02"]
[EventType "swiss"]
[EventRounds "8"]
[EventCountry "ESP"]
[SourceTitle "CBM 169 Extra"]
[Source "ChessBase"]
[SourceDate "2015.12.18"]
[SourceVersion "1"]
[SourceVersionDate "2015.12.18"]
[SourceQuality "1"]

1. d4 Nf6 2. c4 c5 3. d5 b5 4. cxb5 a6 5. bxa6 g6 6. Nc3 Bxa6 7. e4 Bxf1 8. Kxf1 d6 9. Nf3 Nbd7 10. g3 Bg7 11. Kg2 Ng4 12. Bf4 Nge5 13. Bxe5 Nxe5 14. Nxe5 Bxe5 15. Qc2 0-0 16. a4 Qa5 17. f4 Bg7 18. Rhe1 Rab8 19. Nb5 Rfd8 20. Rad1 Rbc8 21. e5 dxe5 22. fxe5 Rxd5 23. Rxd5 Qxe1 24. Rxc5 Rxc5 25. Qxc5 Qe4+ 26. Kh3 Qf5+ 27. Kg2 1/2-1/2

[Event "Tarrega Tardor op 1st"]
[Site "Tarrega"]
[Date "2015.10.30"]
[Round "5"]
[White "Monfa Sole, Ramon"]
[Black "Llacuna Cufi, Salvador"]
[Result "1-0"]
[WhiteElo "2178"]
[BlackElo "2105"]
[PlyCount "71"]
[EventDate "2015.10.02"]
[EventType "swiss"]
[EventRounds "8"]
[EventCountry "ESP"]
[SourceTitle "CBM 169 Extra"]
[Source "ChessBase"]
[SourceDate "2015.12.18"]
[SourceVersion "1"]
[SourceVersionDate "2015.12.18"]
[SourceQuality "1"]

1. d3 d5 2. a3 Nf6 3. Nf3 c5 4. Bf4 Nc6 5. Nbd2 Bf5 6. h3 h6 7. g4 Bh7 8. Bg2 e6 9. Ne5 Nxe5 10. Bxe5 Bd6 11. Nf3 0-0 12. Qd2 Bxe5 13. Nxe5 Nd7 14. Nxd7 Qxd7 15. e4 Rad8 16. 0-0-0 dxe4 17. dxe4 Qxd2+ 18. Rxd2 Rxd2 19. Kxd2 Rd8+ 20. Ke3 e5 21. Bf3 Kf8 22. c3 f6 23. h4 Bg8 24. Be2 Ke7 25. b4 Rc8 26. Kd2 b6 27. b5 Rd8+ 28. Ke3 Bb3 29. a4 c4 30. Ra1 Kd6 31. a5 Rd7 32. axb6 axb6 33. g5 hxg5 34. hxg5 Kc5 35. Rb1 Kxb5 36. Rxb3+ 1-0

[Event "Tarrega Tardor op 1st"]
[Site "Tarrega"]
[Date "2015.10.16"]
[Round "3"]
[White "Llacuna Cufi, Salvador"]
[Black "Campos Olaya, Israel"]
[Result "0-1"]
[WhiteElo "2105"]
[BlackElo "2314"]
[PlyCount "53"]
[EventDate "2015.10.02"]
[EventType "swiss"]
[EventRounds "8"]
[EventCountry "ESP"]
[SourceTitle "CBM 169 Extra"]
[Source "ChessBase"]
[SourceDate "2015.12.18"]
[SourceVersion "1"]
[SourceVersionDate "2015.12.18"]
[SourceQuality "1"]

1. d4 Nf6 2. c4 e6 3. Nf3 b6 4. e3 Bb7 5. Bd3 Be7 6. 0-0 Ne4 7. Bxe4 Bxe4 8. Nc3 Bb7 9. a3 Ba6 10. Qa4 0-0 11. Rd1 d6 12. e4 Qd7 13. Qxd7 Nxd7 14. b3 h6 15. Bb2 c6 16. Rac1 Rad8 17. Re1 Rc8 18. Na2 b5 19. d5 bxc4 20. bxc4 Nc5 21. Re3 cxd5 22. exd5 e5 23. Nb4 Bb7 24. Bd4 Rfe8 25. Bxc5 Rxc5 26. Rb3 Rc7 27. Nd2 0-1

[Event "Tarrega Tardor op 1st"]
[Site "Tarrega"]
[Date "2015.10.09"]
[Round "2"]
[White "Rodon Balcells, Jaume"]
[Black "Llacuna Cufi, Salvador"]
[Result "0-1"]
[WhiteElo "1930"]
[BlackElo "2105"]
[PlyCount "110"]
[EventDate "2015.10.02"]
[EventType "swiss"]
[EventRounds "8"]
[EventCountry "ESP"]
[SourceTitle "CBM 169 Extra"]
[Source "ChessBase"]
[SourceDate "2015.12.18"]
[SourceVersion "1"]
[SourceVersionDate "2015.12.18"]
[SourceQuality "1"]

1. e4 c5 2. Nc3 e6 3. f4 a6 4. Nf3 b5 5. a3 Bb7 6. d3 b4 7. axb4 cxb4 8. Na4 d5 9. e5 Nh6 10. Be2 Nf5 11. 0-0 Be7 12. Qe1 Nc6 13. c3 0-0 14. d4 Rc8 15. Bd3 Nh4 16. Bd2 Na5 17. cxb4 Nb3 18. Ra3 Nxf3+ 19. Rxf3 Nxd4 20. Rh3 g6 21. g4 Rc6 22. Qe3 Nc2 23. Bxc2 Rxc2 24. f5 Rc4 25. f6 Rxg4+ 26. Kf2 Bxf6 27. exf6 Qxf6+ 28. Qf3 Qd4+ 29. Be3 Qxb4 30. Rb3 Qxa4 31. Rxb7 Qc2+ 32. Kf1 Qb1+ 33. Ke2 Qc2+ 34. Ke1 Ra4 35. Qd1 Qe4 36. Kf2 Rc4 37. Qf3 Qc2+ 38. Kg3 h5 39. Rh4 Rxh4 40. Kxh4 Qxh2+ 41. Qh3 Qe5 42. Qg3 Qxg3+ 43. Kxg3 f6 44. Ra7 e5 45. Rxa6 Kf7 46. Bc5 Rc8 47. b4 g5 48. Bd6 Rc3+ 49. Kf2 Rb3 50. Rb6 h4 51. Rb8 g4 52. b5 h3 53. b6 g3+ 54. Kf1 g2+ 55. Kf2 Rb2+ 0-1

[Event "Balaguer op 17th"]
[Site "Balaguer"]
[Date "2012.06.21"]
[Round "6"]
[White "Llacuna Cufi, Salvador"]
[Black "Barbero Sendic, Alejandro"]
[Result "0-1"]
[WhiteElo "1986"]
[BlackElo "2370"]
[PlyCount "88"]
[EventDate "2012.06.16"]
[EventType "swiss"]
[EventRounds "9"]
[EventCountry "ESP"]
[SourceTitle "EXT 2013"]
[Source "ChessBase"]
[SourceDate "2012.11.22"]
[SourceVersion "1"]
[SourceVersionDate "2012.11.22"]
[SourceQuality "1"]

1. d4 Nf6 2. c4 g6 3. Nc3 Bg7 4. Nf3 0-0 5. Rb1 d5 6. cxd5 Nxd5 7. e4 Nxc3 8. bxc3 c5 9. Be2 b6 10. 0-0 Qc7 11. Be3 Rd8 12. Qc1 Nd7 13. d5 Nf6 14. Bf4 Qb7 15. Nd2 Ng4 16. h3 Ne5 17. Be3 Qc7 18. f4 Bh6 19. g4 Bb7 20. g5 Bxg5 21. fxg5 Nd3 22. Bxd3 Qg3+ 23. Kh1 Qxh3+ 24. Kg1 Qxe3+ 25. Kh1 Qh3+ 26. Kg1 Qxd3 27. Rf3 Qe2 28. c4 Bxd5 29. cxd5 e6 30. Rbb3 exd5 31. Rbe3 Qb5 32. exd5 Rxd5 33. Ne4 Rd4 34. Nf6+ Kg7 35. Qe1 Qa4 36. Rf1 Rf4 37. Rxf4 Qxf4 38. Ne4 Rd8 39. Rg3 Rd4 40. Nf6 Rd1 41. Qxd1 Qxg3+ 42. Kf1 Qf4+ 43. Ke1 Qxg5 44. Ne4 Qe3+ 0-1

[Event "Balaguer op 17th"]
[Site "Balaguer"]
[Date "2012.06.18"]
[Round "3"]
[White "Vera Balague, Gabriel"]
[Black "Llacuna Cufi, Salvador"]
[Result "0-1"]
[WhiteElo "2031"]
[BlackElo "1986"]
[PlyCount "98"]
[EventDate "2012.06.16"]
[EventType "swiss"]
[EventRounds "9"]
[EventCountry "ESP"]
[SourceTitle "EXT 2013"]
[Source "ChessBase"]
[SourceDate "2012.11.22"]
[SourceVersion "1"]
[SourceVersionDate "2012.11.22"]
[SourceQuality "1"]

1. e4 c5 2. Nc3 e6 3. f4 a6 4. Nf3 Nc6 5. d3 d5 6. g3 Nf6 7. e5 Ng4 8. h3 Nh6 9. Bg2 Nf5 10. Ne2 Bd7 11. c3 d4 12. Kf2 Be7 13. Rf1 Rc8 14. Bd2 b5 15. g4 Nh4 16. Nxh4 Bxh4+ 17. Kg1 Qb6 18. Kh2 f6 19. exf6 Bxf6 20. g5 Bd8 21. Ng3 0-0 22. Be4 Ne7 23. cxd4 cxd4 24. Qb3 a5 25. Rac1 Bc7 26. Rf2 Kh8 27. Rcf1 Nf5 28. Nxf5 exf5 29. Bf3 Be6 30. Qa3 b4 31. Qa4 Rfd8 32. Re1 Bd7 33. Qb3 Qg6 34. Kg2 Bd6 35. h4 a4 36. Qd1 Qf7 37. b3 a3 38. h5 Bb5 39. Bc1 Qc7 40. Bd5 Re8 41. Rxe8+ Bxe8 42. Bc4 Bc6+ 43. Kg3 h6 44. gxh6 gxh6 45. Kh3 Qg7 46. Qe2 Re8 47. Qd1 Re1 48. Qxe1 Qg4+ 49. Kh2 Qh4+ 0-1

[Event "Benidorm op U2200 10th"]
[Site "Benidorm"]
[Date "2011.12.08"]
[Round "8"]
[White "Sanz Rodero, Mikel"]
[Black "Llacuna Cufi, Salvador"]
[Result "1-0"]
[WhiteElo "1994"]
[BlackElo "1954"]
[PlyCount "43"]
[EventDate "2011.12.02"]
[EventType "swiss"]
[EventRounds "10"]
[EventCountry "ESP"]
[SourceTitle "CBM 145 Extra"]
[Source "ChessBase"]
[SourceDate "2012.01.03"]
[SourceVersion "1"]
[SourceVersionDate "2012.01.03"]
[SourceQuality "1"]

1. d4 Nf6 2. Nf3 c5 3. e3 e6 4. Bd3 Nc6 5. c3 d5 6. 0-0 Bd6 7. Nbd2 Qb6 8. Qe2 Be7 9. dxc5 Bxc5 10. e4 0-0 11. e5 Nd7 12. Nb3 f6 13. Nxc5 Qxc5 14. exf6 Nxf6 15. Be3 Qd6 16. Bd4 Nxd4 17. cxd4 Ng4 18. Bxh7+ Kh8 19. Ne5 Rf4 20. g3 Nxe5 21. dxe5 Qe7 22. Qh5 1-0

[Event "Tancats de l'Urgell B"]
[Site "Tarrega"]
[Date "2011.04.08"]
[Round "1.5"]
[White "Llacuna Cufi, Salvador"]
[Black "Turuguet Lopez, Josep Lluis"]
[Result "1/2-1/2"]
[WhiteElo "2009"]
[BlackElo "2053"]
[PlyCount "62"]
[EventDate "2011.04.08"]
[EventType "tourn"]
[EventRounds "9"]
[EventCountry "ESP"]
[SourceTitle "EXT 2023"]
[Source "ChessBase"]
[SourceDate "2022.10.05"]
[SourceVersion "1"]
[SourceVersionDate "2022.10.05"]
[SourceQuality "1"]

1. e4 c5 2. g3 Nc6 3. Bg2 Nf6 4. Ne2 d5 5. exd5 Nxd5 6. d4 Bg4 7. dxc5 e6 8. Nbc3 Nxc3 9. Qxd8+ Rxd8 10. Nxc3 Bxc5 11. 0-0 0-0 12. Ne4 Bb6 13. c3 Rd7 14. b3 Rfd8 15. Ba3 Ne5 16. Nc5 Rd2 17. Nxb7 R8d7 18. Nc5 Rc7 19. Na4 Be2 20. Bc1 Rc2 21. Nxb6 Bxf1 22. Kxf1 axb6 23. c4 Rd7 24. Be3 Rd6 25. Be4 Rc3 26. Ke2 Ng4 27. Bd2 Nxf2 28. Bxh7+ Kxh7 29. Bxc3 Ne4 30. Be1 f5 31. Rd1 Rc6 1/2-1/2